Fisiología de Leviatán
Kaydedildi:
| Yazar: | |
|---|---|
| Materyal Türü: | Kitap |
| Dil: | İspanyolca |
| Baskı/Yayın Bilgisi: |
Buenos Aires
Sudamericana
1946
|
| Konular: | |
| Etiketler: |
Etiketle
Etiket eklenmemiş, İlk siz ekleyin!
|
MARC
| LEADER | 00000nam a2200000 a 4500 | ||
|---|---|---|---|
| 001 | UCZ8346 | ||
| 003 | CL-VaPUC | ||
| 008 | 960119e19460000AG |||||||||||||||||spa|d | ||
| 082 | 0 | 4 | |a 301 |b CAI |2 21 |
| 100 | 0 | |a Caillois, Roger |e author |9 353603 | |
| 245 | 1 | 0 | |a Fisiología de Leviatán |
| 300 | |a 329 p | ||
| 942 | |c BK | ||
| 945 | |d 19960119 00:00:00 |a mcarcey | ||
| 260 | |a Buenos Aires |b Sudamericana |c 1946 | ||
| 650 | 0 | |a Sociología |9 255410 | |
| 650 | 0 | |a Espíritu |9 315904 | |
| 650 | 0 | |a Sectas |9 320072 | |
| 650 | 0 | |a Libertad |9 255686 | |
| 650 | 0 | |a Sociedad |9 307903 | |
| 583 | |a last modification |c 19960119 00:00:00 |k Rodrigo Vera | ||
| 999 | |c 244274 |d 244272 | ||
| 952 | |0 0 |1 0 |4 0 |6 301_000000000000000_CAI_1946 |7 0 |8 P |9 258278 |a BIBEDU |b BIBEDU |c BIBEDU_PB |d 2019-11-19 |i 3170241 |o 301 CAI 1946 |p 3170241 |r 2024-01-25 |w 2019-11-19 |y BK |k EDU | ||